000 00675nam a2200277Ia 4500
005 20260324114739.0
008 008 260324s9999 xx 000 0 eng d
020 _a9781003045762
037 _aEBOOK
040 _aCRL
040 _beng
040 _cCRL
041 _2eng
041 _aeng
084 _qCRL
100 _aVikrant Sharma; Vinod Kumar Jain; Atul Kumar
_91152004
245 3 _aAn Introduction to Optimization Techniques
260 _bTaylor and Francis
260 _c2021
365 _a
365 _b240
856 _uhttp://www.taylorfrancis.com/books/9781003045762
942 _cEBOOK
999 _c1742356
_d1742356